Methods in social research (Record no. 29607)

MARC details
000 -LEADER
fixed length control field 00303nam a2200121Ia 4500
082 ## - DEWEY DECIMAL CLASSIFICATION NUMBER
Classification number 301
Item number GOO
100 ## - MAIN ENTRY--AUTHOR NAME
Personal name Goode, William J
245 #0 - TITLE STATEMENT
Title Methods in social research
260 ## - PUBLICATION, DISTRIBUTION, ETC. (IMPRINT)
Place of publication New Delhi
Name of publisher McGraw Hill
Year of publication 1952
700 ## - ADDED ENTRY--PERSONAL NAME
Personal name Hatt, Paul K
942 ## - ADDED ENTRY ELEMENTS (KOHA)
Koha item type Books
Holdings
Withdrawn status Lost status Damaged status Not for loan Home library Current library Date acquired Cost, normal purchase price Full call number Accession Number Koha item type
        RRII Library RRII Library 16/12/2021 5.95 301 GOO 10190 Books